Vida y aventuras del gaucho Alambre /

Bibliographic Details
Main Author: Rodríguez Castillos, Osiris
Format: Book
Language:Spanish
Published: Montevideo : Acali Editorial, 1979.
Series:Coleccion ABC del lector ; 17

MARC

Tag First Indicator Second Indicator Subfields
LEADER 00000cam a2200000 a 4500
001 in00000072969
005 20151008060006.0
008 800714s1979 uy 00011 spa d
035 |a (OCoLC)06511585 
035 |9 AAJ4903AM 
040 |a IXA  |c IXA  |d TXA  |d UtOrBLW 
049 |a TXAM  |c [1387533] 
090 |a PQ8520.R645  |b V52 
100 1 |a Rodríguez Castillos, Osiris. 
245 1 0 |a Vida y aventuras del gaucho Alambre /  |c Osiris Rodriguez Castillos. 
264 1 |a Montevideo :  |b Acali Editorial,  |c 1979. 
300 |a 115 pages ;  |c 18 cm. 
336 |a text  |b txt  |2 rdacontent 
337 |a unmediated  |b n  |2 rdamedia 
338 |a volume  |b nc  |2 rdacarrier 
490 0 |a Coleccion ABC del lector ;  |v 17 
500 |a Short stories. 
999 |a MARS 
999 f f |s a4397496-27bc-3e0a-aa8b-7eba59283926  |i 85061ca5-5801-376e-bf62-231e5c8f504b  |t 0 
952 f f |p ric  |a Texas A&M University  |b Rellis Campus  |c Joint Library Facility  |d Remote Storage  |t 0  |e PQ8520.R645 V52  |h Library of Congress classification  |i unmediated -- volume  |m A14806182360 
998 f f |a PQ8520.R645 V52  |t 0  |l Remote Storage